| 000 | 00839nam a2200193 i 4500 | ||
|---|---|---|---|
| 001 | 124817 | ||
| 003 | ES-MaACL | ||
| 005 | 20230906192514.0 | ||
| 007 | t| | ||
| 008 | 070420s1932 sp ||||1| spa d | ||
| 110 | 2 |
_aComisión Asesora Nacional Patronal y Obrera (España) _93007 |
|
| 245 | 1 | 0 |
_aLabor del Pleno (28-30 de noviembre de 1932) _b: Resumen de las sesiones celebradas, acuerdos, documentación anexa / _cComisión Asesora Nacional Patronal y Obrera. |
| 260 |
_aMadrid : _b[s.n.], _c1932 ( _fImprenta y Encuadernación de los Sobrinos de la Sucesora de M. Minuesa de los Ríos) |
||
| 300 |
_a485 p. ; _c23 cm. |
||
| 490 | 1 |
_aPublicaciones del Instituto Nacional de Previsión ; _v344 |
|
| 830 | 0 |
_aPublicaciones del Instituto Nacional de Previsión ; _v344 _9181151 |
|
| 852 |
_aES-MaACL _jC-12633(2) |
||
| 999 |
_c124817 _d124817 |
||